Представление документа в формате MARC21

Поле Инд. ПП Название Значение
Тип записи a
Библиографический уровень a
001 Контрольный номер 92c06ff8088348739434544a2f2056e5
005 Дата корректировки 20241224153057.4
020 a ISBN 978-5-7995-1350-4
041 0_ a Код языка текста rus
080 a Индекс УДК 378.147:004
097 b Оператор *Плё*
100 1_ a Автор Ганичева А.В.
245 10 a Заглавие Модель развития интереса к изучению учебной дисциплины
b Продолж. заглавия статья
p Название части/ раздела Текст : электронный
520 0_ a Аннотация Разработана новая модель процесса развития интереса группы обучаемых к изучению учебной дисциплины. Рассмотрено отклонение интереса от равновесного значения относительно увеличения или уменьшения воздействия различных факторов.
653 0_ a Ключевые слова Процесс обучения
a Ключевые слова Состояние системы
a Ключевые слова Дифференциальное уравнение
a Ключевые слова Решение
700 12 a Другие авторы Ганичев А.В.
773 18 w Контрольный № источника 9822ff8ddc524d69a02bf684fd804d35
t Название источника Актуальные проблемы качества образования в высшей школе
d Место и дата издания Тверь : ТвГТУ, 2024
g Прочая информация С. 39-41
900 a Имя макрообъекта 001-000161127-000000000-0000-0000-01
901 t Тип документа a
950 a Редактор записи вш
951 i EL-ТГТУ? да